00356nam a22000977a 450000500170000010000660001724500930008326000270017630000090020370000460021220260629111933.0 aAbdul Mannan a19-MSM-01aSupervisor - Dr. Kamran Nazir Memon aExpact Solution for Phan Thien Tanner Fluid Through Circular Tank with Slip ( Thesis MS) aNawabshahbQUESTc2025 a86p. aDepartment of Mathematics and Statistics